| 000 | 00000nam 2200000zi 4500 |
| 001 | 9.871517 |
| 003 | CaOODSP |
| 005 | 20250403110210 |
| 006 | m o d f |
| 007 | cr cn||||||||| |
| 008 | 190411s2019 onca obs f000 0 fre d |
| 020 | |a9780660304960 |
| 040 | |aCaOODSP|bfre|erda|cCaOODSP |
| 043 | |an-cn--- |
| 045 | |ax9y1 |
| 086 | 1 |aCS11-627/2019-29F-PDF |
| 245 | 00|aRichesse et endettement : |bquelle est la situation des milléniaux? |
| 264 | 1|a[Ottawa] : |bStatistique Canada = Statistics Canada, |c[2019] |
| 300 | |a1 ressource en ligne (1 page) : |billustrations en couleur |
| 336 | |atexte|btxt|2rdacontent/fre |
| 337 | |ainformatique|bc|2rdamedia/fre |
| 338 | |aressource en ligne|bcr|2rdacarrier/fre |
| 500 | |aPublié aussi en anglais sous le titre : Wealth and debt: how are millennials doing? |
| 500 | |aPublié aussi en format HTML. |
| 504 | |aComprend des références bibliographiques. |
| 520 | |a« La présente infographie porte sur le bien-être économique des milléniaux (personnes âgées de 25 à 34 ans en 2016) et permet d'établir une comparaison avec les membres de la génération X au même âge (personnes âgées de 25 à 34 ans en 1999). L'infographie présente des renseignements sur le revenu, les actifs, les dettes et la valeur nette du patrimoine » -- Fourni par l'éditeur. |
| 653 | 10|aGénération Internet |
| 692 | 07|2gccst|aConditions économiques |
| 692 | 07|2gccst|aStatistiques |
| 710 | 2 |aStatistique Canada. |
| 775 | 08|tWealth and debt : |w(CaOODSP)9.871516 |
| 856 | 40|qPDF|s2.52 Mo|uhttps://publications.gc.ca/collections/collection_2019/statcan/11-627-m/11-627-m2019029-fra.pdf |
| 856 | 4 |qHTML|sS.O.|uhttps://www150.statcan.gc.ca/n1/pub/11-627-m/11-627-m2019029-fra.htm |
| 986 | |a11-627-M |